Del sentimiento trágico de la vida: En los hombres y en los pueblos
Uloženo v:
| Hlavní autor: | |
|---|---|
| Médium: | Kniha |
| Jazyk: | Undetermined |
| Vydáno: |
Madrid, España:
Espasa-Calpe
1982
|
| Vydání: | 3 |
| Témata: | |
| Tagy: |
Přidat tag
Žádné tagy, Buďte první, kdo vytvoří štítek k tomuto záznamu!
|
MARC
| LEADER | 00000nam a2200000Ia 4500 | ||
|---|---|---|---|
| 008 | 170316s9999 xx 000 0 und d | ||
| 040 | |a cru BVZT | ||
| 090 | |a 100 U-2d | ||
| 100 | |a Unamuno, Miguel de |9 959 | ||
| 245 | |a Del sentimiento trágico de la vida: En los hombres y en los pueblos |c / Miguel de Unamuno | ||
| 250 | |a 3 | ||
| 260 | |a Madrid, España: | ||
| 260 | |b Espasa-Calpe | ||
| 260 | |c 1982 | ||
| 300 | |a 271 páginas | ||
| 650 | |a FILOSOFÍA |9 5 | ||
| 942 | |c 15 D |h 100 U-2d |2 z |6 100_U2D | ||
| 999 | |c 17816 |d 17816 | ||
